000 00211nam a2200085Ia 4500
008 120527s9999 xx 000 0 und d
100 _aSHERMAN and ALCOCK
245 _aReadings from American Scientist
942 _cBK
999 _c25585
_d25585